01150naa a22002777a 4500001001000000003000900010005001700019007000300036008003400039040005400073041000900127072002000136100001700156100001800173100002100191100002100212245011600233246006400349246004400413500017600457773009700633650000900730650001700739650001400756490010200770BR8708027BR-BrBNA20250721154537.0ta250630b bl.|||m| |||| 00| 0 por d aBR-BrBNAbporcBiblioteca Nacional de Agricultura a(Pt) aH60b0336b38761 aXavier, F.E.1 aPinto, J.J.O.1 aCunha, V.L.P. da1 aSouza, J.L.B. de1 aEficiencia de herbicidas pos-emergentes para o controle de invasoras na cultura da soja (Glycine max (L.)Merr.)1 a[Efficiency of herbicides in the control of soybeans weeds]1 a[Soybeans. Results of research 1982/83] aSoja. Resultados de pesquisa 1982/83 Brasilia, DF (Brasil): Empresa Brasileira de Pesquisa Agropecuaria. Depto. de Difusao de Tecnologia, 1986. p. 107-110 (BR8708027-AMS) 0 tSoja. Resultados de pesquisa 1982/83wH60 BR8708027gBrasilia, DF (Brasil), 1986. p. 107-110 aSOJA aERVA DANINHA aHERBICIDA aDocumentos - Centro de Pesquisa Agropecuaria de Terras Baixas de Clima Temperado (Brazil)vno. 13